Фильмы с Андреем Мироновым - Армагеддон - Statistics

General Stats
  • This quiz has been taken 30 times
    26 since last reset
  • The average score is 10 of 21
Answers on the Grid
Answers color-coded by a green-red scale on the quiz's grid according to % correct below.
Фантазии Фарятьева
Короткие встречи
Год как жизнь
Андрей Рублёв
Иван Бровкин на целине
Принцесса цирка
12 стульев
Берегись автомобиля
Тихий Дон
Три плюс два
Достояние республики
Узник замка Иф
Афоня
Отпуск в сентябре
Золотой телёнок
Блондинка за углом
Большая перемена
Обыкновенное чудо
Сказка странствий
По семейным обстоятельствам
Бриллиантовая рука
Семнадцать мгновений весны
Доживём до понедельника
Человек с бульвара Капуцинов
Невероятные приключения итальянцев в России
Назначение
Новые приключения неуловимых
Дети капитана Гранта
Собачье сердце
Маленькие трагедии
Старики-разбойники
Лев Гурыч Синичкин
Старая-старая сказка
Белорусский вокзал
Соломенная шляпка
Джентльмены удачи
Будьте моим мужем
Мой ласковый и нежный зверь
Емельян Пугачёв
Семейное счастье
Старик Хоттабыч
Родня
Королева бензоколонки
Трое в лодке, не считая собаки
Добро пожаловать, или Посторонним вход воспрещён
Мой друг Иван Лапшин
Гусарская баллада
Сказка о потерянном времени
Самая обаятельная и привлекательная
Крах операции "Террор"
 
Answer Stats
Answer % Correct
12 стульев
100%
Три плюс два
83%
Бриллиантовая рука
78%
Блондинка за углом
72%
Берегись автомобиля
67%
Человек с бульвара Капуцинов
67%
Невероятные приключения итальянцев в России
67%
Обыкновенное чудо
61%
Трое в лодке, не считая собаки
61%
Фантазии Фарятьева
50%
Соломенная шляпка
50%
Будьте моим мужем
50%
Достояние республики
44%
Старики-разбойники
44%
Сказка странствий
33%
Мой друг Иван Лапшин
33%
Лев Гурыч Синичкин
17%
Назначение
6%
Год как жизнь
0%
Семейное счастье
0%
Крах операции "Террор"
0%
No matching quizzes found
Score Distribution
Percent of People with Each Score
Percentile by Number Answered
Your Score History
You have not taken this quiz since the last reset